00811nam a22002417a 45000010005000000030006000050050017000110080041000280200017000690400029000860500015001150820012001301000020001422450052001622500038002142600042002523000051002945050008003455200146003535210020004995210020005196500030005394938FISKH20241025144428.0241025b cb ||||| |||| 00| 0 eng d a051488005995 aFISKHbengcFISKHdFISKH aPZ7.B82816 a813.54  aBruchac, Joseph aChildren of the Longhouse /cby Joseph Bruchac  aPublished in Puffin Books , 1998  aNew York : bPuffin Books : c1996 .  a150 pages : billustrations : maps ;c20 cm .  aZ  aEleven-year-old Ohkwa'ri and his twin sister must make peace with a hostile gang of older boys in their Mohawk village during the late 1400s.8 a950 bLexile 8 aZ bRaz-Plus  aMohawnk Indians vfiction